Si landak yang berani

Bibliographic Details
Main Author: Zarinah Ismail
Format: Book
Published: Petaling Jaya : Oscar Book International , 2004
Series:Siri fauna rimba
Subjects:

MARC

LEADER 00000cam a2200000 7i4500
001 0000076791
005 20040428.0
020 |a 9679416275 
090 0 0 |a JF   |b ZAR 
100 0 |a Zarinah Ismail 
245 1 0 |a Si landak yang berani   |c Zarinah Ismail 
260 |a Petaling Jaya :   |b Oscar Book International ,   |c 2004 
300 |a 16p. :   |b ill. ;   |c 22cm. 
490 0 |a Siri fauna rimba 
650 0 0 |a Children's stories, Malay 
999 |a 00168653   |b BUKU   |c PINJAMAN   |e PERPUSTAKAAN KOMUNITI CAW KOTA DAMANSARA